Statystyki dla Królowie strzelców ekstraklasy w XXI. wieku

Kliknij tutaj aby rozwiązać quiz!

Ogólne statystyki

  • Ten quiz został rozwiązany 186 razy
  • Średni wynik to 11 z 21

Statystyki odpowiedzi

rokpiłkarz% Poprawnych
2010Robert Lewandowski18
82%
2016Nemanja Nikolić28
77%
2017Marcin Robak18
70%
2014Marcin Robak22
70%
2008Paweł Brożek23
70%
2009Paweł Brożek19
70%
2011Tomasz Frankowski14
70%
2001Tomasz Frankowski18
70%
2005Tomasz Frankowski25
70%
2018Carlitos24
60%
2019Igor Angulo24
60%
2002Maciej Żurawski21
55%
2004Maciej Żurawski20
55%
2017Marco Paixao18
50%
2015Kamil Wilczek20
39%
2013Robert Demjan14
36%
2009Takesure Chinyama19
29%
2007Piotr Reiss15
26%
2003Stanko Svitlica24
26%
2006Grzegorz Piechna21
25%
2012Artjoms Rudnevs22
4%

Rozkład punktacji

Percentyl według liczby udzielonych odpowiedzi

Procent ludzi z każdym wynikiem

Twoja historia wyników

Nie rozwiązałeś tego quizu